| 000 | 00440nam a2200145 a 4500 | ||
|---|---|---|---|
| 001 | 000045848 | ||
| 005 | 20201002052459.0 | ||
| 008 | 150519s2000 dr 000 p spa d | ||
| 040 |
_aDO-SdBNP _bspa _cBNPHU |
||
| 100 | 1 |
_aPumarol, Homero _973921 |
|
| 245 | 1 | 0 |
_aCuartel babilonia / _cHomero Pumarol. |
| 260 |
_aSanto Domingo : _b[s.d.], _c2000. |
||
| 300 |
_a47 p. ; _c15 cm. |
||
| 590 | _aPerteneció a la biblioteca personal de Erick Landestoy | ||
| 999 |
_c45337 _d45337 |
||